El árbol mágico

Gespeichert in:
Bibliographische Detailangaben
1. Verfasser: Sloterdijk
Format: Buch
Sprache:Undetermined
Veröffentlicht: Barcelona, España Editorial Seix Barral 2002
Schlagworte:
Tags: Tag hinzufügen
Keine Tags, Fügen Sie den ersten Tag hinzu!

MARC

LEADER 00000nam a2200000Ia 4500
008 170316s9999 xx 000 0 und d
040 |a cru BVZT 
090 |a 830 S-5.1a 
100 |a Sloterdijk 
245 |a El árbol mágico 
260 |a Barcelona, España  |b Editorial Seix Barral  |c 2002 
300 |a 381 páginas 
650 |a LITERATURA ALEMANA 
650 |a NOVELA 
999 |c 7431  |d 7431 
942 |c 15 D  |h 830 S-5.1a  |2 z